000
00454nam a22001457a 4500
020
_a
9788120343658
082
_a
808.066
100
_a
Edward Jay Friedlander
245
_a
Feature writing the persuit of excellence
250
_a
7th
260
_a
New Delhi
_b
PHI learning
_c
2011
300
_a
310p
942
_c
BK
999
_c
2587
_d
2587